[Event "ESP-chT CECLUB Div2"]
[Site "Padron"]
[Date "2015.08.05"]
[Round "3.2"]
[White "Segura Naharro, Sergio"]
[Black "Ramirez Medina, Victor"]
[Result "1-0"]
[WhiteElo "2201"]
[BlackElo "2111"]
[PlyCount "125"]
[EventDate "2015.08.04"]
[EventType "team"]
[EventRounds "6"]
[EventCountry "ESP"]
[SourceTitle "EXT 2016"]
[Source "ChessBase"]
[SourceDate "2015.10.08"]
[SourceVersion "1"]
[SourceVersionDate "2015.10.08"]
[SourceQuality "1"]
[WhiteTeam "Beniajan Casino"]
[BlackTeam "Avenida de Canarias"]
[WhiteTeamCountry "ESP"]
[BlackTeamCountry "ESP"]

1. d4 Nf6 2. c4 e6 3. Nc3 d5 4. cxd5 exd5 5. Bg5 c6 6. e3 Be7 7. Qc2 Nbd7 8. Bd3 0-0 9. Nf3 Re8 10. 0-0 Nf8 11. Rab1 a5 12. a3 Ng6 13. b4 axb4 14. axb4 Ne4 15. Bxe7 Qxe7 16. b5 Bd7 17. Na4 Ra5 18. Nb6 Qd8 19. Nxd7 Qxd7 20. bxc6 bxc6 21. Rb6 c5 22. Rfb1 Qc8 23. Bb5 Rd8 24. Bd3 Re8 25. Bb5 Rd8 26. dxc5 Qxc5 27. Qxc5 Nxc5 28. Bc6 Ne7 29. Nd4 g6 30. g3 Ra2 31. R6b2 Rxb2 32. Rxb2 Rc8 33. Bb5 Ne4 34. Kg2 Kg7 35. Ba4 Rc7 36. Bb3 h5 37. Ra2 Rb7 38. Ra5 Nf6 39. f3 Nc6 40. Rb5 Rxb5 41. Nxb5 Kf8 42. Nc7 Nb4 43. Kf2 Ke7 44. Nb5 Nd7 45. Nc3 Kd6 46. e4 Nb6 47. f4 f6 48. Ke3 g5 49. h4 gxh4 50. gxh4 Kc5 51. Nxd5 N4xd5+ 52. exd5 Nxd5+ 53. Ke4 Nc3+ 54. Kf5 Ne2 55. Bd1 Nxf4 56. Kxf4 Kd6 57. Kf5 Ke7 58. Bb3 Kf8 59. Kxf6 Ke8 60. Kg7 Ke7 61. Bd1 Ke6 62. Bxh5 Kf5 63. Bd1 1-0